Statistiques concernant Clubs français en finale de compétition européenne

Cliquez ici pour prendre le quiz!

Statistiques générales

  • Ce quiz a été pris 119 fois
  • Le résultat moyen est 6 sur 7

Statistiques - réponses

CompétitionClubAnnée% Correct
C1, C3Olympique de Marseille1993, 1991, 1999, 2004, 2018
100%
C1, C2Paris Saint Germain2020, 1996, 1997
100%
C1AS Saint-Etienne1976
91%
C1, C2AS Monaco2004, 1992
90%
C1Stade de Reims1956, 1959
86%
C3Girondins de Bordeaux1996
84%
C3SC Bastia1978
39%

Distribution des résultats

Percentile par nombre de réponses

% des personnes avec chaque résultat

Votre développement - résultats

Vous n’avez pas pris ce quiz